01439nab a22002537a 4500003000400000005001700004008004100021040000700062100002600069245012100095260007300216300001500289500007500304505024500379505016300624505008900787650002900876650002100905650002300926650003400949650004500983650002101028773013601049OSt20260131200748.0190603e xxum|||| |||| 00| 0 spa d cPJ aRoldán, Gustavo E. 13aEl cuidado como derecho humano autónomo :banálisis de la Opinión Consultiva OC 31-25 /cGustavo E. Roldán.  cCiudad Autónoma de Buenos Aires :aThomson Reuters La Ley, b2025. ap. 144-154 aCita: TR LALEY AR/DOC/2798/2025 Publicado en: RCCyC 2025 (Diciembre). a Sumario: I. Introducción.— II. Contexto normativo y convencional.— III. La Opinión Consultiva OC-31/25: reconocimiento del cuidado como derecho humano.— IV. Reflexiones y posibles tensiones.— V. Opinión.— VI. Conclusión.  aFallo comentado: Corte IDH ~ 12/06/2025 ~ Opinión Consultiva OC-31/25 s/ contenido y alcance del derecho al cuidado y su interrelación con otros derechos. t¿Te interesa el texto completo? Solicitalo al correo: koha@justierradelfuego.gov.ar 0aCODIGO CIVIL Y COMERCIAL 0aDERECHOS HUMANOS 0aDERECHO A LA SALUD 0aSITUACIÓN DE VULNERABILIDAD 0aCORTE INTERAMERICANA DE DERECHOS HUMANOS 0aDEBER DE CUIDADO0 02713dCiudad Autónoma de Buenos Aires : Thomson Reuters La Ley, 2015-tRevista Código Civil y Comercial. Nº 6 - Diciembre 2025